000 00680nam a2200217Ia 4500
003 OSt
005 20230317112421.0
008 210423s2012 xx 000 0 und d
020 _a978-0-7494-6688-6
040 _cAL
041 _aeng
082 _a658.421
_223
_bMORP
100 _aMORRIS (Michael)
_976080
245 _aPractical guide to entrepreneurship: how to turn an idea into a profitable business
260 _aNew Delhi
_bKogan Page Ltd
_c2012
300 _ax,289
_bPB
365 _b2141.64
_cGBP
650 _aEntrepreneurship
_976081
906 _aan ; business ; entrepreneurship: ; guide ; how ; idea ; into ; Practical ; profitable ; turn
942 _2ddc
_cBK
999 _c168619
_d168619